000
00195 a2200097 4500
020
_a
9789992471685
041
_a
spa
100
_a
anonimo
245
_a
Nicaragua Anecdotas y algo mas
942
_c
BK
999
_c
11891
_d
11891